Mặc học Mặc tử và Biệt Mặc

Đã lưu trong:
Sonraí Bibleagrafaíochta
Príomhúdar: Nguyễn Hiến Lê
Formáid: Leabhar
Teanga:Undetermined
Foilsithe: Hà Nội Văn hóa 1995
Ábhair:
Clibeanna: Cuir Clib Leis
Gan Chlibeanna, Bí ar an gcéad duine leis an taifead seo a chlibeáil!
Thư viện lưu trữ: Trung tâm Học liệu Trường Đại học Cần Thơ
LEADER 00534nam a2200181Ia 4500
001 CTU_4415
008 210402s9999 xx 000 0 und d
082 |a 181.11 
082 |b L250M 
100 |a Nguyễn Hiến Lê 
245 0 |a Mặc học 
245 0 |b Mặc tử và Biệt Mặc 
245 0 |c Nguyễn Hiến Lê 
260 |a Hà Nội 
260 |b Văn hóa 
260 |c 1995 
650 |a confucius and confucianism,philosophy, chinese 
980 |a Trung tâm Học liệu Trường Đại học Cần Thơ